000 00929nam a22002535i 4500
001 164146
003 ES-MaACL
005 20250811063201.0
008 950206s1873 sp a |||| | spa d
040 _aGA
100 _aRuiz Aguilera, Ventura,
_d1820-1881
_9188456
245 1 0 _aEcos nacionales y cantares / Ventura Ruiz Aguilera.
250 _a5ª ed.
260 _aMadrid :
_b[s.n.,
_cs.a.] (
_fImprenta de la Biblioteca de Instrucción y Recreo)
300 _a416 p., [1] h. de lám. ;
_c19 cm.
490 1 _aObras completas de D. Ventura Ruiz Aguilera
596 1 _aEl NUC, fecha esta obra en 1873.
599 1 _aLa h. de lám. es grab. cal.: retrato del autor.
830 0 _aObras completas de D. Ventura Ruiz Aguilera
_9188457
852 _aES-MaACL
_jG-1357
_z-- Enc. hol.
852 _aES-MaACL
_jG-10497
_z-- Enc. tela
999 _c164146
_d164146